000 01110cam a22002533a 4500
001 20231
003 PGUSA
005 20140828083428.0
008 061230s2006||||xxu|||||s|||||000 1 eng d
040 _aPGUSA
_beng
042 _adc
050 4 _aPS
100 1 _aRoberts, Charles G. D.,
_cSir,
_d1860-1943
245 1 0 _aEarth's Enigmas :
_bA Volume of Stories
_h[electronic resource] /
_cCharles G. D., Roberts
260 _bProject Gutenberg,
_c2006
505 0 _aDo seek their meat from God -- The perdu -- "The young ravens that call upon him" -- Within sound of the saws -- The butt of the camp -- In the accident ward -- The romance of an ox-team -- A tragedy of the tides -- At the rough-and-tumble landing -- An experience of Jabez Batterpole -- The stone dog -- The barn on the marsh -- Captain Joe and Jamie -- Strayed -- The eye of Gluskâp.
506 _aPublic domain in the USA.
516 _aElectronic text
653 _aShort stories
653 _aManners and customs -- Fiction
830 0 _aProject Gutenberg
_v20231
856 4 0 _uhttp://www.gutenberg.org/ebooks/20231
942 _cEB
999 _c249486
_d249486